Statystyki dla Kraje z najmniejszymi zasobami wody pitnej

Kliknij tutaj aby rozwiązać quiz!

Ogólne statystyki

  • Ten quiz został rozwiązany 40 razy
  • Średni wynik to 5 z 15

Statystyki odpowiedzi

Odpowiedź% Poprawnych
Katar
75%
Bahrajn
67%
Zjednoczone Emiraty Arabskie
64%
Cypr
39%
Malta
39%
Dominika
33%
Komory
33%
Barbados
28%
Jamajka
28%
Antigua i Barbuda
25%
Singapur
25%
Saint Vincent i Grenadyny
22%
Saint Lucia
19%
San Marino
14%
Trinidad i Tobago
3%

Rozkład punktacji

Percentyl według liczby udzielonych odpowiedzi

Procent ludzi z każdym wynikiem

Twoja historia wyników

Nie rozwiązałeś tego quizu